MDQL
is popping MORE tags! Check the
thread
!
Quizzes
Events
Quiz Creation
Community
Videos
Private Events
Remove Ads
Sign In
Join for FREE
Feedback
Dark Mode
Quiz Categories
Sports
Geography
Music
Movies
Television
Just For Fun
Miscellaneous
History
Literature
Language
Science
Gaming
Entertainment
Religion
Holiday
For Kids
Quiz Lab
Recent
Popular Today
Quiz Kudos Today
Editor Picks
Curator Picks
Quizzes by...
Day
Popularity
Type
Ratings
Length
Year
Community
Subscriptions
Recent Discussions
Orange Saloon
Badges
Playlists
Quests
Create
Leaderboards
Showdown
Live 5
Trivia Bingo
Activity
Puzzle Library
Sporcle Events
Private Events
Virtual Trivia
Globe League
Become a Host
Pub Owners
SporcleCon
Opinionation
Our Games
Videos
Blog
Mobile Apps
Partnerships
Remove Ads and Go Orange
Feedback
Movies
Disney
Marvel Cinematic Universe
Movie Resume
Movie Titles
Oscar
Actor
Actress
Director
Pixar
Role
Movie Quotes
Movie Characters
Box Office
Nominee
Best Picture
Star Wars
James Bond
Horror Movies
Movies
Disney
Marvel Cinematic Universe
Movie Resume
Movie Titles
Oscar
Actor
Actress
Director
Pixar
Role
Movie Quotes
Movie Characters
Box Office
Nominee
Best Picture
Star Wars
James Bond
Horror Movies
Random Quiz
Search Sporcle
×
Quiz Lab
Quiz Lab
Movies
Harry Potter
Type in answers that appear in a list
Type in answers that appear in a list
Classic
Best Score? Go Orange.
Mega Harry Potter Spells Quiz Stats
Can you name what these Harry Potter spells are?
By
SammySof06
7m
76 Questions
90 Plays
90 Plays
90 Plays
Comments
Comments
Give Quiz Kudos
Give Quiz Kudos
-
- Ratings
hide this ad
Replay
Link that replays current quiz
Next Quiz
Link to next quiz in quiz playlist
You Got
0%
They Got
Avg Score
48%
Avg Friend Score
Upgrade to see
Score Distribution
Jump to the score distribution portion of the page
Score
0/76
Timer
07:00
0
Plays Today
Answer
Hint
% Correct
Brings an object to you
Accio
98.9%
The Unforgivable Curse; Kills your opponent
Avada Kedavra
94.4%
Opens locks
Alohomora
93.3%
Tortures your opponent mercilessly
Crucio
92.2%
Creates a gush of water from the tip of the spell caster’s wand
Aguamenti
87.8%
Allows the user to assume complete control of another person
Imperio
84.4%
Creates Patronus
Expecto Patronum
82.2%
Disarms the target of the spell such as knocking their wand out of their hand
Expelliarmus
81.1%
Creates light usually by making the tip of the wand glow
Lumos
80%
Makes birds fly out of the end of your wand
Avis
75.6%
Makes an item larger as in swollen
Engorgio
73.3%
Confounds your target or makes them temporarily confused
Confundus
71.1%
Extinguishes light
Nox
71.1%
Repairs broken items
Reparo
71.1%
Turns your opponent upside down and dangles them in thin air
Levicorpus
70%
Lights a fire
Incendio
68.9%
Petrifies an opponent totally
Petrificus Totalus
66.7%
Makes a person “oblivious” erasing their memories of an event
Obliviate
64.4%
Blasts solid objects into pieces
Reducto
62.2%
Protects the user and sends a spell back on an opponent
Protego
61.1%
Knocks your opponent out temporarily
Stupefy
60%
Allows the user to make an object levitate
Wingardium Leviosa
60%
Allows the user to gain access to another’s mind and memories
Legilimens
58.9%
Causes a buzzing noise to surround a limited area so that those in the area can carry on a private conversation
Muffliato
57.8%
Causes a small locally contained explosion.
Bombarda
56.7%
Makes seams split open, severs an object into two pieces
Diffindo
55.6%
Heals relatively minor wounds.
Episkey
55.6%
Puts up an impediment that slows down something or someone that is coming toward you
Impedimenta
55.6%
Used to summon the Dark Mark
Morsmordre
55.6%
Shrinks an item
Reducio
55.6%
Closes a door and binds it so that it can’t be opened.
Colloportus
53.3%
Immobilizes the target
Immobulus
53.3%
Causes the item targeted to explode
Confringo
50%
Creates a duplicate of an item
Geminio
50%
Causes something that is hidden to be revealed
Revelio
48.9%
Makes a boggart assume a “ridiculous” form thereby making it funny instead of terrifying
Riddikulus
47.8%
Repels water from a surface
Impervius
46.7%
Causes lacerations to appear all over an opponent’s body as if they had been cut by an invisible sword
Sectumsempra
42.2%
Answer
Hint
% Correct
Frees a body that has been caught up by the levicorpus spell
Liberacorpus
41.1%
Amplifies the user’s voice
Sonorus
41.1%
Turns any item into a Portkey which can then be used to transport a person or persons to another location.
Portus
38.9%
Releases something from being constrained or held
Relashio
38.9%
Causes a person to curl up in laughter as if being tickled
Rictusempra
38.9%
Used to clean dirt or other material off of a surface
Scourgify
38.9%
Makes the target of the spell unable to make any sound.
Silencio
38.9%
Makes teeth grow out of control
Densaugeo
37.8%
Allows a secret to be hidden within the secret keeper’s soul
Fidelius
37.8%
Conjures up ropes which then bind an opponent
Incarcerous
37.8%
Makes the user’s wand act like a compass
Point Me
37.8%
Makes things quiet
Quietus
37.8%
Conjures a snake
Serpensortia
36.7%
Awakens a stunned person
Rennervate
35.6%
Turns an item to stone.
Duro
33.3%
Binds a broken limb with a splint and bandages
Ferula
33.3%
Stops any spell
Finite Incantatem
33.3%
Conjures a bunch of flowers from the user’s wand
Orchideous
33.3%
Makes invisible ink become visible
Aparecium
32.2%
Damages the eyesight of your opponent making them seem to have pink eye
Conjunctivitis
32.2%
Repels something
Repello
31.1%
Causes an item to immediately dissolve away as if it had never existed
Evanesco
30%
Pushes or flips something backwards
Flipendo
30%
Removes a stuck object, as in a wad of gum that is stuck in a keyhole
Waddiwasi
28.9%
Allows the user to write or draw in the air with fire
Flagrate
26.7%
Causes a person to break out in boils
Furnunculus
26.7%
Locks an opponent’s legs together
Locomotor Mortis
25.6%
Used to move a body from one place to another
Mobilicorpus
24.4%
Forces an opponent’s legs to dance uncontrollably
Tarantallegra
24.4%
Transforms animals into water goblets!
Vera Verto
23.3%
Used to move a tree from one place to another
Mobiliarbus
22.2%
Makes an area invisible to Muggles
Repello Muggletum
22.2%
Strengthens other protective spells or to deflects any hexes cast toward a specific location
Salvio Hexia
22.2%
Scours something clean
Tergeo
20%
Erases the last spell cast by a wand so that it can’t be discovered
Deletrius
18.9%
Reveals to you the last spell that a wand was used to cast
Prior Incantato
18.9%
Turns things into birds
Avifors
17.8%
Makes a werewolf or person disguised as an animal resume their human shape
Homorphus
13.3%
Quiz Playlist
Details
Report
Send in Message
Add To Playlist
Classic:
Type in answers that appear in a list
Last Updated: Nov 23, 2018
Quiz Scoreboard
CHALLENGE
Sign Up to Join the Scoreboard
Show All
Scores
Hide
Comments
May contain spoilers
Recently Published
Two Season TV Shows II
by 123Four
Television
10m
Image Sorting: Flags VI
by Barbecue
Geography
2m
Find the 'City' Movie
by crazypaving
Movies
60s
More to Explore
Quiz From the Vault
Featured Blog Post
14 Easter Pick-up Lines to Find Eggs With
hide this ad
You Might Also Like...
Tags
Harry Potter Quiz
Harry Potter Spells
Wizard
Today's Top Quizzes in Movies
Browse Movies
hide this ad
Today's Top Quizzes in Harry Potter
Browse Harry Potter
Top Contributed Quizzes in Movies
1
Find The 'Big' Movie
2
The ultimate James Bond movie quiz
3
Find The 'Wild' Movie
4
Find The 'Blue' Movie
5
Movies By Plot
6
Hidden Star Wars Character II
7
Pick 5 Posters: Directed by Spielberg
8
Hidden Star Wars Character III
9
Hidden Star Wars Character IV
10
25 Best Actor Nominees (1990s)
Explore More
Trending Topics
Anime
Marvel
NBA
Kpop
Disney
Harry Potter
Crossword
Soccer
Country
Song
Pokémon
The Office
NFL
WWE
Puzzle
hide this ad
More By:
SammySof06
Quiz
Plays
Rating
Category
Featured
Created
Euphoria Word Ladder
440
5.00
Television
Jul 21, 2022
Fantastic Beasts: A to Z
199
5.00
Movies
Nov 23, 2018
Harry Potter Impostors
117
3.33
Movies
Nov 23, 2018
Mega Harry Potter Spells Quiz
90
5.00
Movies
Nov 23, 2018
Language/Linguistics Crossword!
87
5.00
Language
May 26, 2022
Go to Creator's Profile
Score Distribution
Quiz Creator Spotlight
SammySof06
Follow
Send a Message
Quizzes Created
-
Created Quiz Play Count
-
More By This Creator
Popular Quizzes Today
1
Find the US States - No Outlines Minefield
2
Colored Red Africa Blitz
3
Find the 'City' Movie
4
5x2 Blitz: Bands
5
The Countries of the World
6
Find the Countries of Europe - No Outlines Minefield
7
Find the US States
8
US States
More Movies Quizzes
Click My Movie Friend (Men)
Published
Trending Quizzes
Colored Red Europe Blitz I
Colored Red Africa Blitz II
Colored Red Europe Blitz II
Colored Red Africa Blitz III
Colored Red Europe Blitz III
Recently Updated
How Do You Spell That?
pecheneg
Godzilla Movies
pecheneg
Grab Bag: 4-10 Letters
pecheneg
2024 March Madness Bracket
pecheneg
Famous TV Couples
Peacemaker
Champions League XIs: Real Madrid
pecheneg
Largest US Cities 1790-2010
pecheneg
Rides in Walt Disney World
pecheneg
Most Oscar Losses (Acting)
pecheneg
Beyoncé Albums
pecheneg
Trending Topics
Disney
Kpop
Harry Potter
NBA
Crossword
Marvel
Anime
Soccer
Country
WWE
Song
The Office
NFL
Puzzle
Pokémon
Your Account Isn't Verified!
In order to create a playlist on Sporcle, you need to verify the email address you used during registration. Go to your
Sporcle Settings
to finish the process.
Report this User
Report this user for behavior that violates our
Community Guidelines
.
Details:
Send Report
Go to the Sporcle.com Mobile Site →
Comments